[Event "European Youth Chess Championship G10"]
[Site "Prague, Top Hotel Prague"]
[Date "2016.08.21"]
[Round "4.6"]
[White "Li, Darina"]
[Black "Vicze, Kata"]
[Result "0-1"]
[WhiteElo "1182"]
[BlackElo "1495"]
[PlyCount "124"]
[EventDate "2016.08.18"]

1. e4 c5 2. Nf3 Nc6 3. d4 cxd4 4. Nxd4 Nf6 5. Nc3 d6 6. Be2 e5 7. Nb3 Be6 8.
Be3 Be7 9. O-O O-O 10. f3 Rc8 11. Qd2 Qd7 12. Rad1 Ne8 13. Qe1 f5 14. Nc5 dxc5
15. Rxd7 Bxd7 16. Qf2 b6 17. Bc4+ Kh8 18. Qd2 Nf6 19. Bg5 Rcd8 20. Bxf6 Bxf6
21. Qf2 Nd4 22. Rd1 b5 23. Bd5 b4 24. Ne2 Bg5 25. Nxd4 exd4 26. Qg3 Be3+ 27.
Kh1 Bb5 28. Qc7 c4 29. Qxa7 f4 30. Qc5 d3 31. Qxb5 dxc2 32. Re1 c1=Q 33. Rxc1
Bxc1 34. Qxb4 Rfe8 35. a4 Bxb2 36. Qxb2 Rxd5 37. h3 Rc5 38. Qd4 Rec8 39. Qc3
Ra8 40. Qc2 c3 41. e5 Re8 42. a5 Rexe5 43. a6 Re7 44. Qd3 Rc8 45. Qf5 Rec7 46.
Qc2 Ra7 47. Qf5 Raa8 48. a7 c2 49. Qxf4 c1=Q+ 50. Qxc1 Rxc1+ 51. Kh2 Rxa7 52.
Kg3 Ra2 53. Kh2 Rcc2 54. Kg3 Rxg2+ 55. Kf4 Rae2 56. h4 h6 57. h5 g5+ 58. Kf5
Kg8 59. f4 gxf4 60. Kf6 f3 61. Kf5 f2 62. Kf4 f1=Q# 0-1

[Event "European Youth Chess Championship G10"]
[Site "Prague, Top Hotel Prague"]
[Date "2016.08.21"]
[Round "4.7"]
[White "Zabrzanska, Weronika"]
[Black "Ivanova, Dilyana"]
[Result "1-0"]
[WhiteElo "1486"]
[BlackElo "1382"]
[PlyCount "117"]
[EventDate "2016.08.18"]

1. e4 c5 2. Nf3 d6 3. c3 Nf6 4. Be2 Nbd7 5. d3 g6 6. O-O Bg7 7. Re1 O-O 8. Bf1
Qc7 9. d4 Rb8 10. Bf4 e5 11. Bd2 a6 12. d5 b5 13. Qc1 Nb6 14. Na3 Ne8 15. Bh6
f5 16. Bxg7 Qxg7 17. c4 b4 18. Nc2 fxe4 19. Rxe4 Bf5 20. Re1 Rb7 21. Ne3 Bc8
22. Bd3 Rbf7 23. Nf1 Bg4 24. N1d2 Nf6 25. h3 Bxf3 26. Nxf3 Nh5 27. Ng5 Nf4 28.
Re3 Rf6 29. Ne4 R6f7 30. Nxd6 Nxd3 31. Rxd3 Rxf2 32. Ne4 Rf1+ 33. Qxf1 Rxf1+
34. Rxf1 Nxc4 35. d6 Nb6 36. d7 Nxd7 37. Rxd7 Qh6 38. Nf6+ Kh8 39. Rxh7+ Qxh7
40. Nxh7 Kxh7 41. Re1 Kg7 42. Rxe5 c4 43. Rc5 c3 44. bxc3 bxc3 45. Rxc3 Kf6 46.
Rc6+ Kf5 47. Rxa6 g5 48. Rc6 Ke5 49. a4 Kd5 50. Rc1 Kd6 51. a5 Kd7 52. a6 Kd6
53. a7 Kd5 54. a8=Q+ Kd4 55. Qe8 Kd5 56. Rd1+ Kc5 57. Qc8+ Kb5 58. Rb1+ Ka5 59.
Qa8# 1-0

[Event "European Youth Chess Championship G10"]
[Site "Prague, Top Hotel Prague"]
[Date "2016.08.21"]
[Round "4.8"]
[White "Fedoricheva, Ekaterina"]
[Black "Veremiuk, Veronika"]
[Result "1-0"]
[WhiteElo "1463"]
[BlackElo "1330"]
[PlyCount "121"]
[EventDate "2016.08.18"]

1. e4 e5 2. Nc3 Bc5 3. Bc4 Nf6 4. f4 d6 5. h3 Nbd7 6. Nf3 c6 7. a3 b5 8. Ba2
Qb6 9. Qe2 Qd8 10. d3 Bb7 11. Bd2 Qe7 12. Ng5 Rf8 13. g4 d5 14. exd5 Nxd5 15.
Nxd5 cxd5 16. fxe5 Nxe5 17. Nxh7 d4 18. Rf1 Bf3 19. Rxf3 Nxf3+ 20. Kd1 Qxe2+
21. Kxe2 Rh8 22. Kxf3 Rxh7 23. Kg2 f6 24. Re1+ Kd7 25. Be6+ Kc6 26. Bf5 Rah8
27. Bxh7 Rxh7 28. Bf4 Rh8 29. b4 Bb6 30. Re6+ Kb7 31. Re7+ Ka6 32. Re2 Rc8 33.
Bc1 Bc7 34. h4 Be5 35. g5 Rh8 36. Kh3 Kb6 37. Kg4 Kc6 38. g6 Kd5 39. h5 Bd6 40.
h6 gxh6 41. g7 Rg8 42. Bxh6 Be5 43. Kf5 a6 44. Kg6 Ke6 45. Bf4 Re8 46. Bxe5
fxe5 47. Kh7 Kf7 48. g8=Q+ Rxg8 49. Rf2+ Ke6 50. Kxg8 Kd5 51. Kf7 a5 52. bxa5
b4 53. axb4 e4 54. dxe4+ Kc4 55. a6 Kxb4 56. a7 d3 57. a8=Q dxc2 58. Rxc2 Kb3
59. Rc8 Kb4 60. Qb7+ Ka4 61. Ra8# 1-0

[Event "European Youth Chess Championship G10"]
[Site "Prague, Top Hotel Prague"]
[Date "2016.08.21"]
[Round "4.9"]
[White "Alimova, Dana"]
[Black "Tsirekidze, Barbare"]
[Result "1/2-1/2"]
[WhiteElo "1451"]
[BlackElo "1382"]
[PlyCount "68"]
[EventDate "2016.08.18"]

1. e4 e5 2. Nf3 Nc6 3. d4 exd4 4. Nxd4 d6 5. Nc3 Nf6 6. Nxc6 bxc6 7. Bd3 Be7 8.
O-O O-O 9. f4 h6 10. h3 Re8 11. Bd2 Bb7 12. Qe2 Qd7 13. Rae1 Rad8 14. Qf2 a6
15. e5 Nh7 16. Qe2 Bh4 17. Rd1 Ra8 18. Be1 Bxe1 19. Rfxe1 d5 20. a3 Nf8 21. f5
a5 22. Qf2 Qd8 23. Qg3 Qg5 24. Qxg5 hxg5 25. Rd2 Ba6 26. Kf2 Bxd3 27. cxd3 g6
28. g4 Kg7 29. d4 Nd7 30. Rde2 Rad8 31. e6 fxe6 32. Rxe6 Rxe6 33. Rxe6 gxf5 34.
gxf5 c5 1/2-1/2

[Event "European Youth Chess Championship G10"]
[Site "Prague, Top Hotel Prague"]
[Date "2016.08.21"]
[Round "4.10"]
[White "Markus, Molli Amina"]
[Black "Bashylina, Luisa"]
[Result "1/2-1/2"]
[WhiteElo "1324"]
[BlackElo "1664"]
[PlyCount "55"]
[EventDate "2016.08.18"]

1. c4 e5 2. Nc3 Nc6 3. Nf3 f5 4. d3 Nf6 5. a3 g6 6. Bg5 Bg7 7. Nd5 O-O 8. Nxf6+
Bxf6 9. Bxf6 Qxf6 10. e3 e4 11. dxe4 fxe4 12. Qd5+ Kh8 13. Qxe4 Qxb2 14. Qb1
Qc3+ 15. Nd2 d6 16. Qc1 Qa5 17. Qb2+ Kg8 18. Qb3 Qe5 19. Rc1 Qf5 20. Nf3 Na5
21. Qb5 a6 22. Qb2 b6 23. Qa2 Bb7 24. Be2 Rae8 25. O-O Nc6 26. c5+ Kh8 27. Qb2+
Qf6 28. Qxf6+ 1/2-1/2

[Event "European Youth Chess Championship G10"]
[Site "Prague, Top Hotel Prague"]
[Date "2016.08.21"]
[Round "4.11"]
[White "Cherepanova, Evita"]
[Black "Kanteraki, Maria-Myrto"]
[Result "1-0"]
[WhiteElo "1675"]
[BlackElo "1368"]
[PlyCount "88"]
[EventDate "2016.08.18"]

1. d4 d5 2. Nf3 Nf6 3. Bf4 e6 4. e3 c6 5. c3 Bd6 6. Bg3 b6 7. Bd3 Ba6 8. Bxa6
Nxa6 9. Nbd2 O-O 10. Qe2 Nc7 11. Bh4 Re8 12. Ne5 c5 13. O-O a6 14. f4 Be7 15.
Nc6 Qd7 16. Nxe7+ Qxe7 17. Rf3 Nb5 18. Rh3 cxd4 19. exd4 Nd6 20. Re1 Nf5 21.
Qf2 Nxh4 22. Qxh4 h6 23. f5 Nh7 24. Qg3 Qg5 25. Qxg5 Nxg5 26. Rhe3 Kf8 27. h4
Ne4 28. Nxe4 dxe4 29. Rxe4 exf5 30. Re5 f6 31. R5e3 f4 32. Rxe8+ Rxe8 33. Rxe8+
Kxe8 34. Kf2 Kd7 35. Kf3 g5 36. hxg5 fxg5 37. Ke4 Kd6 38. c4 Ke6 39. d5+ Kd6
40. Kf5 b5 41. b3 bxc4 42. bxc4 a5 43. a4 Kd7 44. c5 Kd8 1-0

[Event "European Youth Chess Championship G10"]
[Site "Prague, Top Hotel Prague"]
[Date "2016.08.21"]
[Round "4.12"]
[White "Zulfugarli, Mahluga"]
[Black "Starosta, Martyna"]
[Result "1-0"]
[WhiteElo "1373"]
[BlackElo "1624"]
[PlyCount "153"]
[EventDate "2016.08.18"]

1. e4 c5 2. Nf3 e6 3. d4 cxd4 4. Nxd4 Nf6 5. Nc3 Nc6 6. Bc4 Bb4 7. Nxc6 bxc6 8.
Bd3 d5 9. exd5 Nxd5 10. Bd2 Nxc3 11. Bxc3 Bxc3+ 12. bxc3 O-O 13. O-O Bb7 14.
Qe2 Qg5 15. Qf3 Rab8 16. Rab1 Kh8 17. Rb3 Ba8 18. Qe3 Qxe3 19. fxe3 Rxb3 20.
axb3 Bb7 21. Rf4 f5 22. Ra4 Ra8 23. Ba6 Rb8 24. Bc4 Ra8 25. Bxe6 g6 26. Rb4 Ba6
27. Bc4 Bxc4 28. Rxc4 Rc8 29. Ra4 Rc7 30. Kf2 Kg7 31. Kf3 Kf6 32. h4 h5 33. Kf4
Kg7 34. Ra6 Kf6 35. b4 Kf7 36. c4 Kg7 37. g3 Kf7 38. e4 fxe4 39. Kxe4 Ke7 40.
Ke5 Kf7 41. Kd6 Re7 42. Kxc6 Re6+ 43. Kb5 Re3 44. Rxa7+ Kf6 45. c5 Rxg3 46. c6
Rc3 47. c7 Ke6 48. Ra6+ Kd7 49. Rxg6 Kxc7 50. Rh6 Rxc2 51. Rxh5 Rb2 52. Rh6 Kd7
53. h5 Ke7 54. Rc6 Kf7 55. h6 Rb1 56. Kc5 Rc1+ 57. Kb6 Rb1 58. b5 Rb2 59. Ka6
Rb1 60. b6 Ra1+ 61. Kb7 Rb1 62. Kc7 Rb2 63. b7 Rd2 64. h7 Rh2 65. b8=Q Rxh7 66.
Qb3+ Ke8+ 67. Kc8 Rf7 68. Rc7 Rxc7+ 69. Kxc7 Ke7 70. Qd5 Kf6 71. Qe4 Kg5 72.
Qf3 Kh4 73. Qg2 Kh5 74. Kd6 Kh6 75. Ke6 Kh7 76. Kf6 Kh8 77. Qg7# 1-0

[Event "European Youth Chess Championship G10"]
[Site "Prague, Top Hotel Prague"]
[Date "2016.08.21"]
[Round "4.13"]
[White "Donchenko, Ekaterina"]
[Black "Karacsonyi, Kata"]
[Result "1-0"]
[WhiteElo "1362"]
[BlackElo "1544"]
[PlyCount "91"]
[EventDate "2016.08.18"]

1. e4 c5 2. Nf3 d6 3. c3 Nf6 4. Bd3 Nc6 5. Bc2 Bg4 6. d3 e6 7. O-O Be7 8. h3
Bh5 9. Nbd2 O-O 10. Re1 Nd7 11. Bb3 Nde5 12. Qe2 a6 13. Qe3 Re8 14. Nxe5 Nxe5
15. f4 Nc6 16. Nf3 d5 17. Bd2 b5 18. Rf1 Rc8 19. Rf2 Na5 20. Bc2 c4 21. d4 Rb8
22. Ne5 f6 23. Nf3 Nc6 24. Raf1 b4 25. Nh2 bxc3 26. Bxc3 Bd6 27. Ng4 f5 28. Ne5
Qb6 29. Nd7 Qc7 30. Nxb8 Rxb8 31. exd5 exd5 32. Qe6+ Bf7 33. Qxf5 Re8 34. Qxh7+
Kf8 35. Qh8+ Ke7 36. Re2+ Kd8 37. Rxe8+ Bxe8 38. Bg6 Qe7 39. Re1 Qf6 40. Rxe8+
Kd7 41. Bh5 Bxf4 42. Bg4+ Kc7 43. Rc8+ Kb7 44. Qf8 Qg6 45. Qxf4 Qb1+ 46. Kh2
1-0

[Event "European Youth Chess Championship G10"]
[Site "Prague, Top Hotel Prague"]
[Date "2016.08.21"]
[Round "4.14"]
[White "Karaivanova, Petya"]
[Black "Fizerova, Lucie"]
[Result "1-0"]
[WhiteElo "1534"]
[BlackElo "1338"]
[PlyCount "111"]
[EventDate "2016.08.18"]

1. e4 c5 2. Nf3 Nc6 3. d4 cxd4 4. Nxd4 Nf6 5. Nc3 e5 6. Nf5 d6 7. Ng3 Be7 8. h3
O-O 9. Be3 Be6 10. Nd5 Bxd5 11. exd5 Nb4 12. c4 Nd7 13. a3 Na6 14. Nf5 Nac5 15.
Qg4 g6 16. h4 Kh8 17. Nxe7 Qxe7 18. b4 f5 19. Qg5 Qxg5 20. Bxg5 Nb3 21. Rb1 Nd4
22. Be7 Rfe8 23. Bxd6 e4 24. Bf4 Nb6 25. Kd2 Rad8 26. Be3 Ne6 27. Bxb6 axb6 28.
Kc3 Nc7 29. Be2 b5 30. Rbd1 bxc4 31. Bxc4 b5 32. d6 bxc4 33. dxc7 Rc8 34. Rd7
f4 35. Rhd1 Rg8 36. Rd8 Rxc7 37. Rxg8+ Kxg8 38. Re1 h6 39. Rxe4 g5 40. hxg5
hxg5 41. Rxc4 Rxc4+ 42. Kxc4 Kf7 43. b5 Ke6 44. b6 Kd6 45. Kb5 Kd7 46. Ka6 Kc8
47. Ka7 g4 48. b7+ Kc7 49. b8=Q+ Kc6 50. Qd8 Kc5 51. Ka6 Kc4 52. Ka5 Kc3 53.
Ka4 Kb2 54. Qd2+ Kb1 55. Kb3 Ka1 56. Qc1# 1-0

[Event "European Youth Chess Championship G10"]
[Site "Prague, Top Hotel Prague"]
[Date "2016.08.21"]
[Round "4.15"]
[White "Melenchuk, Olga"]
[Black "Kecskemeti, Admira Aida"]
[Result "0-1"]
[WhiteElo "1507"]
[BlackElo "1300"]
[PlyCount "142"]
[EventDate "2016.08.18"]

1. c4 c6 2. e4 d5 3. cxd5 cxd5 4. exd5 Nf6 5. Bb5+ Nbd7 6. Nc3 a6 7. Be2 Nb6 8.
Nf3 Bg4 9. Qb3 Rb8 10. d4 Nbxd5 11. h3 Bf5 12. Bc4 e6 13. Nxd5 Nxd5 14. Bxd5
Qxd5 15. Qxd5 exd5 16. O-O Bd6 17. Re1+ Kf8 18. Bd2 f6 19. Bc3 Re8 20. Nd2
Rxe1+ 21. Rxe1 Kf7 22. Nb3 Re8 23. Rxe8 Kxe8 24. Kf1 Bd3+ 25. Ke1 Bc4 26. Na5
b6 27. Nxc4 dxc4 28. g3 Ke7 29. Ke2 Ke6 30. Ke3 Kd5 31. f4 b5 32. a3 Bc7 33.
Bb4 Bb6 34. Bc3 a5 35. h4 g6 36. g4 h6 37. g5 hxg5 38. f5 gxf5 39. h5 Ke6 40.
Kf3 Kf7 41. d5 g4+ 42. Kf4 Bc7+ 43. Kxf5 g3 44. Bd4 Be5 45. Bg1 Bxb2 46. d6
Bxa3 47. d7 Be7 48. h6 c3 49. h7 Kg7 50. Ke6 Bd8 51. Be3 g2 52. h8=Q+ Kxh8 53.
Kf7 c2 54. Ke8 c1=Q 55. Bxc1 g1=Q 56. Kxd8 Qxc1 57. Ke8 Qc7 58. d8=Q Qxd8+ 59.
Kxd8 a4 60. Ke7 a3 61. Ke6 a2 62. Kd6 a1=Q 63. Kd5 Qc1 64. Kd4 Qc4+ 65. Ke3 b4
66. Kd2 Qc3+ 67. Kd1 Qb2 68. Ke1 Qc2 69. Kf1 b3 70. Ke1 b2 71. Kf1 b1=Q# 0-1

[Event "European Youth Chess Championship G10"]
[Site "Prague, Top Hotel Prague"]
[Date "2016.08.21"]
[Round "4.16"]
[White "Olszewska, Wiktoria"]
[Black "Mikheeva, Galina"]
[Result "0-1"]
[WhiteElo "1361"]
[BlackElo "1477"]
[PlyCount "64"]
[EventDate "2016.08.18"]

1. e4 e5 2. Nf3 Nc6 3. Bb5 Bc5 4. O-O Nge7 5. Re1 O-O 6. c3 d5 7. exd5 Qxd5 8.
Qe2 Bg4 9. c4 Bxf3 10. cxd5 Bxe2 11. dxc6 Bxb5 12. cxb7 Rad8 13. Rxe5 Rd5 14.
Re1 Bc6 15. Nc3 Rf5 16. Re2 Bxb7 17. Na4 Ba6 18. d3 Bxd3 19. Rd2 Re5 20. g3
Re1+ 21. Kg2 Bf1+ 22. Kf3 Bd6 23. h3 Be5 24. Rb1 Nc6 25. Nc5 Nd4+ 26. Kg4 f5+
27. Kh5 g6+ 28. Kh6 Bg7+ 29. Kg5 Nf3+ 30. Kf4 g5+ 31. Kxf3 g4+ 32. Kf4 Bh6# 0-1

[Event "European Youth Chess Championship G10"]
[Site "Prague, Top Hotel Prague"]
[Date "2016.08.21"]
[Round "4.17"]
[White "Anchikova, Olga"]
[Black "Strendeva, Viktoria"]
[Result "1/2-1/2"]
[WhiteElo "1283"]
[BlackElo "1431"]
[PlyCount "74"]
[EventDate "2016.08.18"]

1. d4 d5 2. c4 c6 3. Nf3 e6 4. e3 Nf6 5. Nc3 Be7 6. Bd3 O-O 7. O-O Nbd7 8. b3
b6 9. Qc2 h6 10. Rd1 Ba6 11. Bd2 Rc8 12. Rac1 Nb8 13. e4 dxe4 14. Nxe4 Nbd7 15.
Bf4 Nxe4 16. Bxe4 Nf6 17. Bd3 Bd6 18. Bxd6 Qxd6 19. Qb2 Qe7 20. Ne5 c5 21. dxc5
Qxc5 22. Bc2 Rfd8 23. Qc3 Bb7 24. Qg3 Qe7 25. Ng4 Nxg4 26. Qxg4 Rc7 27. Rxd8+
Qxd8 28. Rd1 Rd7 29. Rxd7 Qxd7 30. Qf4 Qd8 31. h3 Qc8 32. Be4 Bxe4 33. Qxe4 Qd8
34. f3 Qd1+ 35. Kh2 Qd6+ 36. Kg1 Qd1+ 37. Kh2 Qd6+ 1/2-1/2

[Event "European Youth Chess Championship G10"]
[Site "Prague, Top Hotel Prague"]
[Date "2016.08.21"]
[Round "4.18"]
[White "Oz, Irem Ezra"]
[Black "Vankova, Marie"]
[Result "1-0"]
[WhiteElo "1403"]
[BlackElo "1162"]
[PlyCount "39"]
[EventDate "2016.08.18"]

1. e4 e5 2. Nf3 Nc6 3. Nc3 Nf6 4. d4 exd4 5. Nxd4 Bb4 6. Nxc6 bxc6 7. Bd3 O-O
8. O-O Re8 9. Qf3 d6 10. Bg5 h6 11. Bh4 Be6 12. h3 d5 13. e5 g5 14. exf6 gxh4
15. Rfe1 Kh8 16. Qf4 Bf8 17. Rxe6 fxe6 18. f7 Re7 19. Qf6+ Bg7 20. Qg6 1-0

[Event "European Youth Chess Championship G10"]
[Site "Prague, Top Hotel Prague"]
[Date "2016.08.21"]
[Round "4.20"]
[White "Puia, Alexia-Teodora"]
[Black "Simalcikova, Sara"]
[Result "1-0"]
[WhiteElo "1392"]
[BlackElo "1071"]
[PlyCount "129"]
[EventDate "2016.08.18"]

1. e4 e5 2. Nf3 Nf6 3. Nxe5 d6 4. Nf3 Nxe4 5. d4 Bg4 6. Bd3 Nf6 7. O-O Nc6 8.
Bb5 a6 9. Re1+ Be7 10. Ba4 b5 11. Bb3 Bxf3 12. gxf3 O-O 13. Kh1 Qd7 14. c3 Rfe8
15. Rg1 Qh3 16. Rg3 Qh5 17. Qg1 Bf8 18. Bg5 Nd7 19. Bd5 Ndb8 20. Be4 Re6 21. d5
Re8 22. dxc6 Re5 23. Bf6 Re8 24. Qg2 Kh8 25. Bxg7+ Bxg7 26. Rxg7 Qh6 27. Rxh7+
Qxh7 28. Nd2 Qh6 29. Rg1 Rd8 30. Bd5 Rf8 31. Ne4 f6 32. Nxf6 Nxc6 33. Ng4 Qh7
34. Bxc6 Rad8 35. Qf1 d5 36. Qd1 Rf5 37. Qd4+ Qg7 38. Qxg7+ Kxg7 39. Ne3+ Kf6
40. Nxf5 Kxf5 41. Rg7 Kf4 42. Rxc7 Kxf3 43. Rf7+ Ke2 44. h4 Rd6 45. Bd7 Rh6 46.
Bg4+ Ke1 47. h5 Kd2 48. f4 Ke3 49. f5 Kf4 50. Rg7 Rc6 51. Rg6 Rc4 52. h6 Re4
53. Kg2 d4 54. h7 d3 55. h8=Q d2 56. Qh6+ Ke5 57. Re6+ Kd5 58. Qxd2+ Kc4 59.
Rxe4+ Kc5 60. Qd4+ Kc6 61. Re6+ Kc7 62. Qb6+ Kc8 63. Rc6+ Kd7 64. Qb7+ Ke8 65.
Rc8# 1-0

[Event "European Youth Chess Championship G10"]
[Site "Prague, Top Hotel Prague"]
[Date "2016.08.21"]
[Round "4.21"]
[White "Trgovac, Marta"]
[Black "Chachiachvili, Salome"]
[Result "1-0"]
[WhiteElo "1277"]
[BlackElo "1391"]
[PlyCount "135"]
[EventDate "2016.08.18"]

1. c4 e5 2. d3 Nc6 3. Nf3 f5 4. Nbd2 Nf6 5. b3 Bb4 6. Bb2 d6 7. a3 Bxd2+ 8.
Nxd2 O-O 9. e3 Qe8 10. Qc2 Be6 11. Be2 a6 12. O-O Qg6 13. d4 Ne7 14. c5 Bd5 15.
f3 Nc6 16. Bd3 e4 17. fxe4 fxe4 18. Bc4 Ne7 19. Bxd5+ Nexd5 20. Qc4 Kh8 21. Qe2
Ng4 22. Rxf8+ Rxf8 23. Rf1 Re8 24. Nc4 b6 25. h3 Ngf6 26. cxd6 b5 27. Ne5 Qg3
28. d7 Nxd7 29. Nxd7 Nxe3 30. Qf2 Qxf2+ 31. Rxf2 Nd1 32. Rd2 Ne3 33. Re2 Nd5
34. Nc5 e3 35. Nxa6 Nf4 36. Re1 e2 37. Nc5 Kg8 38. h4 Ng6 39. g3 h6 40. Kf2 Kf7
41. Rxe2 Rd8 42. Ne6 Rd7 43. h5 Ne7 44. a4 b4 45. a5 c6 46. Nc5 Rd5 47. a6 Nc8
48. Re5 Rd6 49. Nd3 Kf6 50. d5 Kf7 51. Nxb4 cxd5 52. Rxd5 Rb6 53. Rd4 Ke6 54.
Rc4 Na7 55. Bd4 Rxb4 56. Rxb4 Nc6 57. Rc4 Kd5 58. a7 Nxa7 59. Bxa7 Ke5 60. b4
Kd5 61. b5 Ke5 62. b6 Kd5 63. b7 Ke5 64. b8=Q+ Kd5 65. Rd4+ Ke6 66. Qe8+ Kf6
67. Rf4+ Kg5 68. Qg6# 1-0

[Event "European Youth Chess Championship G10"]
[Site "Prague, Top Hotel Prague"]
[Date "2016.08.21"]
[Round "4.23"]
[White "Lomakina, Anzhelika"]
[Black "Katter, Marlene"]
[Result "1/2-1/2"]
[WhiteElo "1654"]
[BlackElo "1235"]
[PlyCount "98"]
[EventDate "2016.08.18"]

1. e4 e5 2. Nf3 Nc6 3. d4 exd4 4. Bc4 Nf6 5. O-O Nxe4 6. Re1 d5 7. Bxd5 Qxd5 8.
Nc3 Qa5 9. Nxe4 Be6 10. Bd2 Qb6 11. Bg5 h6 12. Bh4 Be7 13. Bxe7 Nxe7 14. Qxd4
Qxd4 15. Nxd4 O-O-O 16. Nxe6 fxe6 17. Nc5 Rd2 18. Nxe6 Rxc2 19. Rac1 Rxc1 20.
Rxc1 Kd7 21. Nxg7 h5 22. Rd1+ Kc6 23. Ne6 Kb6 24. h3 Rh6 25. Nf4 c6 26. Rd7 Nf5
27. Rf7 Nd6 28. Rg7 Ne4 29. f3 Nc5 30. Rg5 h4 31. Rh5 Rxh5 32. Nxh5 Nd3 33. b3
Nc1 34. f4 Kc7 35. g4 hxg3 36. Nxg3 Kd7 37. f5 Ke7 38. Ne4 Nxa2 39. h4 Kf8 40.
h5 Nb4 41. h6 Nd5 42. f6 Nxf6 43. Nxf6 Kf7 44. Ng4 a5 45. Kf2 b5 46. Ke3 c5 47.
Kd3 a4 48. bxa4 bxa4 49. Kc3 Kg6 1/2-1/2

[Event "European Youth Chess Championship G10"]
[Site "Prague, Top Hotel Prague"]
[Date "2016.08.21"]
[Round "4.24"]
[White "Levchenko, Marina"]
[Black "Gasparyan, Milena"]
[Result "0-1"]
[WhiteElo "1240"]
[BlackElo "1459"]
[PlyCount "80"]
[EventDate "2016.08.18"]

1. e4 c5 2. Nf3 e6 3. d4 cxd4 4. Nxd4 a6 5. Be3 Qc7 6. Be2 Nf6 7. Nc3 Bb4 8.
Qd3 O-O 9. O-O Nc6 10. f3 Be7 11. a3 d6 12. Kh1 Bd7 13. Rad1 Rfd8 14. Nb3 Rac8
15. f4 b5 16. Bf3 Be8 17. Qe2 Bf8 18. Qf2 Rb8 19. Be2 Ne7 20. Bd3 d5 21. exd5
Nexd5 22. Nxd5 Rxd5 23. Bd4 Be7 24. Be5 Bd6 25. Bxf6 gxf6 26. Qh4 f5 27. Qh6
Bf8 28. Qg5+ Bg7 29. Rf3 f6 30. Qh4 Bg6 31. Qh3 e5 32. Rff1 e4 33. Be2 Rxd1 34.
Rxd1 Qxc2 35. Qe3 Qxb2 36. Nc5 Bf8 37. Rd2 Qc1+ 38. Bf1 Qxf1+ 39. Qg1 Qxg1+ 40.
Kxg1 Bxc5+ 0-1

[Event "European Youth Chess Championship G10"]
[Site "Prague, Top Hotel Prague"]
[Date "2016.08.21"]
[Round "4.25"]
[White "Jovanovic, Anja"]
[Black "Kucharska, Helena"]
[Result "1-0"]
[WhiteElo "1372"]
[BlackElo "1206"]
[PlyCount "97"]
[EventDate "2016.08.18"]

1. e4 e6 2. d4 d5 3. exd5 exd5 4. c4 c6 5. Nc3 Nf6 6. Bg5 Be6 7. c5 Be7 8. Bd3
Nfd7 9. Bxe7 Qxe7 10. Nge2 O-O 11. O-O Qg5 12. Ng3 Nf6 13. Re1 Ng4 14. h3 Nh6
15. Qc2 g6 16. Rad1 Na6 17. a3 Qf6 18. Bxa6 bxa6 19. Qe2 Nf5 20. Nxf5 Qxf5 21.
Qxa6 Rfc8 22. Qd3 Qg5 23. Qe3 Qf5 24. Qe5 Qc2 25. Re2 Qf5 26. Qxf5 Bxf5 27. Re7
Be6 28. Re1 a5 29. Na4 Rcb8 30. R1xe6 fxe6 31. Rxe6 Rd8 32. Rxc6 Rac8 33. Rxc8
Rxc8 34. Nb6 Rd8 35. c6 Rd6 36. c7 Rc6 37. c8=Q+ Rxc8 38. Nxc8 Kf7 39. Nd6+ Ke6
40. Nb5 Kd7 41. Kf1 h6 42. Ke2 g5 43. Kf3 h5 44. Kg3 Ke7 45. h4 g4 46. Kf4 Ke6
47. Kg5 Kd7 48. Kxh5 Ke7 49. Kxg4 1-0

[Event "European Youth Chess Championship G10"]
[Site "Prague, Top Hotel Prague"]
[Date "2016.08.21"]
[Round "4.26"]
[White "Deleu, Karen"]
[Black "Bialek, Alicja"]
[Result "0-1"]
[WhiteElo "1293"]
[BlackElo "1182"]
[PlyCount "74"]
[EventDate "2016.08.18"]

1. c4 Nf6 2. e3 d5 3. cxd5 Nxd5 4. g3 b6 5. Bg2 Bb7 6. Nf3 g6 7. O-O Bg7 8. Nc3
O-O 9. Nxd5 Bxd5 10. Re1 Nd7 11. e4 Bb7 12. d3 Nc5 13. d4 Nxe4 14. Ng5 Nd6 15.
Bxb7 Nxb7 16. Nf3 Nd6 17. Ne5 Nf5 18. g4 Nxd4 19. Nf3 Nxf3+ 20. Qxf3 e6 21. Rb1
Qf6 22. Qb7 c5 23. g5 Qf5 24. Ra1 Bd4 25. Qg2 Rad8 26. Re2 c4 27. Qe4 Bxf2+ 28.
Kg2 Qxe4+ 29. Rxe4 Bd4 30. Bf4 Bxb2 31. Rb1 Rd4 32. Rxd4 Bxd4 33. Rb4 Rc8 34.
Kf3 e5 35. Bg3 c3 36. Ke2 c2 37. Kd2 c1=Q+ 0-1

[Event "European Youth Chess Championship G10"]
[Site "Prague, Top Hotel Prague"]
[Date "2016.08.21"]
[Round "4.27"]
[White "Rozmanec, Pia"]
[Black "Mamardashvili, Ana"]
[Result "0-1"]
[WhiteElo "1094"]
[BlackElo "1292"]
[PlyCount "50"]
[EventDate "2016.08.18"]

1. e4 e5 2. Nf3 Nc6 3. Bb5 a6 4. Bxc6 dxc6 5. O-O Bg4 6. h3 h5 7. d3 Qf6 8.
Nbd2 Ne7 9. Nc4 Ng6 10. hxg4 hxg4 11. Bg5 Qe6 12. Nfd2 f6 13. Be3 O-O-O 14. Nb3
Rh4 15. Re1 Be7 16. c3 Rdh8 17. Kf1 Rh2 18. Nc5 Bxc5 19. Bxc5 Nf4 20. f3 g3 21.
Be3 Rh1+ 22. Bg1 R8h2 23. Ne3 Qg8 24. b4 Qh8 25. Re2 Rxg1+ 0-1

[Event "European Youth Chess Championship G10"]
[Site "Prague, Top Hotel Prague"]
[Date "2016.08.21"]
[Round "4.31"]
[White "Denschik, Alexandra"]
[Black "Butenandt, Svenja"]
[Result "0-1"]
[WhiteElo "1147"]
[BlackElo "1501"]
[PlyCount "74"]
[EventDate "2016.08.18"]

1. e4 c5 2. d4 cxd4 3. c3 dxc3 4. Nxc3 Nc6 5. Bc4 e6 6. Nf3 a6 7. O-O Nge7 8.
Bf4 Ng6 9. Be3 b5 10. Bb3 Be7 11. Rc1 O-O 12. Ne2 Bb7 13. Ng3 Rc8 14. Qd2 Bb4
15. Qe2 Na5 16. Rxc8 Qxc8 17. Rc1 Qb8 18. Bc2 d5 19. a3 Bd6 20. Bd2 Nc4 21. Bc3
Nge5 22. Nh5 Nxf3+ 23. Qxf3 Bxh2+ 24. Kh1 Be5 25. Bb3 Bxc3 26. Qxc3 Qe5 27.
Qxe5 Nxe5 28. exd5 Bxd5 29. Bxd5 exd5 30. Rc3 d4 31. Rg3 g6 32. Nf6+ Kh8 33.
Rh3 Kg7 34. Nxh7 Rh8 35. Ng5 Rxh3+ 36. Nxh3 a5 37. f4 Ng4 0-1

[Event "European Youth Chess Championship G10"]
[Site "Prague, Top Hotel Prague"]
[Date "2016.08.21"]
[Round "4.32"]
[White "Volovich, Julia"]
[Black "Birkisdottir, Freyja"]
[Result "1-0"]
[WhiteElo "1435"]
[BlackElo "1176"]
[PlyCount "193"]
[EventDate "2016.08.18"]

1. d4 d5 2. c4 c6 3. Nf3 Nf6 4. Qc2 g6 5. g3 Na6 6. Bg2 Bf5 7. Qb3 Qb6 8. Nc3
Qxb3 9. axb3 Bg7 10. O-O Ne4 11. e3 Nxc3 12. bxc3 Bd3 13. Rd1 Bc2 14. Rd2 Bxb3
15. cxd5 Bxd5 16. Rb2 c5 17. Nd2 cxd4 18. cxd4 Bxg2 19. Kxg2 Nc5 20. Rb5 Ne6
21. Rxb7 a6 22. Rb6 Nc7 23. Ne4 a5 24. Bd2 a4 25. Rb4 a3 26. Rb3 a2 27. Rb2 O-O
28. Raxa2 e5 29. dxe5 Bxe5 30. Bc3 Bxc3 31. Nxc3 Rac8 32. Rb7 Ne6 33. Nd5 Kg7
34. Raa7 Nc5 35. Re7 Ra8 36. Rac7 Na6 37. Ra7 Rxa7 38. Rxa7 Nc5 39. Nf4 g5 40.
Ne2 h6 41. Nd4 Kg6 42. Rc7 Ne4 43. Rc6+ f6 44. f3 Nd2 45. Rc1 Ra8 46. Kf2 Ra2
47. Rc2 Rxc2 48. Nxc2 h5 49. Ke2 Nc4 50. Nd4 g4 51. f4 Nd6 52. Kd3 f5 53. Ne2
Nb7 54. Kd4 Na5 55. Nc3 Nb3+ 56. Ke5 Nd2 57. Nd5 Nf1 58. Ke6 Nd2 59. Ne7+ Kh7
60. Kf6 Nf3 61. Nxf5 Nxh2 62. Kg5 Nf3+ 63. Kxh5 Nh2 64. e4 Kg8 65. Ne3 Nf3 66.
Kxg4 Nd4 67. f5 Kf7 68. Nd5 Ke8 69. Kf4 Ne2+ 70. Kf3 Nd4+ 71. Ke3 Nc2+ 72. Kd3
Ne1+ 73. Ke2 Nc2 74. Kd2 Nd4 75. g4 Kf7 76. Ke3 Nc2+ 77. Kf4 Ne1 78. g5 Nd3+
79. Ke3 Ne5 80. Nf4 Kg7 81. Kd4 Nf3+ 82. Kd5 Nxg5 83. Ne6+ Nxe6 84. Kxe6 Kf8
85. Kd7 Kf7 86. e5 Kf8 87. e6 Kg7 88. e7 Kf6 89. e8=Q Kg5 90. f6 Kxf6 91. Qe4
Kg5 92. Qf3 Kg6 93. Ke6 Kg7 94. Qf6+ Kh7 95. Qg5 Kh8 96. Kf7 Kh7 97. Qg7# 1-0